Χώρες που αρχίζουν από Ε - Statistics

General Stats
  • This quiz has been taken 1 688 times
  • The average score is 4 of 7
Answer Stats
Απάντηση % Correct
Ελλάδα
96%
Ελβετία
83%
Εσθονία
81%
Ελ Σαλβαδόρ
54%
Ερυθραία
54%
Εσουατίνι
42%
Ενωμένα Αραβικά Εμιράτα
23%
No matching quizzes found
Score Distribution
Percent of People with Each Score
Percentile by Number Answered
Your Score History
You have not taken this quiz